[Event "CECLUB Segunda División"]
[Site "Linares"]
[Date "2017.08.12"]
[Round "7"]
[White "Pallardo Lozoya, Jose Vicente"]
[Black "Bressac, Stephane"]
[Result "1-0"]
[Board "3"]
[WhiteTitle "FM"]
[WhiteElo "2389"]
[WhiteCountry "ESP"]
[WhiteFideId "2230380"]
[WhiteEloChange "9"]
[BlackTitle "FM"]
[BlackElo "2365"]
[BlackCountry "FRA"]
[BlackFideId "655945"]
[BlackEloChange "-9"]

1. e4 {[%clk 1:27:31]} d6 {[%clk 1:30:51]} 2. Nc3 {[%clk 1:25:43]} Nf6 {[%clk
1:30:49]} 3. g3 {[%clk 1:25:27]} e5 {[%clk 1:30:02]} 4. Bg2 {[%clk 1:23:48]} c6
{[%clk 1:29:29]} 5. d3 {[%clk 1:14:35]} Be7 {[%clk 1:27:43]} 6. Nf3 {[%clk
1:08:53]} b5 {[%clk 1:25:54]} 7. O-O {[%clk 1:08:12]} O-O {[%clk 1:25:41]} 8. h3
{[%clk 1:04:44]} Nbd7 {[%clk 1:15:14]} 9. Nh4 {[%clk 0:59:28]} b4 {[%clk
1:12:27]} 10. Ne2 {[%clk 0:56:23]} g6 {[%clk 1:11:38]} 11. Bg5 {[%clk 0:49:17]}
Bb7 {[%clk 1:09:09]} 12. f4 {[%clk 0:46:53]} d5 {[%clk 1:04:51]} 13. fxe5 {[%clk
0:36:50]} Nh5 {[%clk 0:53:47]} 14. Bh6 {[%clk 0:22:11]} Re8 {[%clk 0:53:44]} 15.
exd5 {[%clk 0:14:54]} Nxe5 {[%clk 0:40:35]} 16. d4 {[%clk 0:14:29]} Bxh4 {[%clk
0:30:18]} 17. gxh4 {[%clk 0:14:26]} Qb6 {[%clk 0:29:44]} 18. Rf2 {[%clk 0:09:43]}
Nc4 {[%clk 0:29:34]} 19. dxc6 {[%clk 0:08:20]} Bxc6 {[%clk 0:29:07]} 20. Qd3
{[%clk 0:05:29]} Nd6 {[%clk 0:28:30]} 21. d5 {[%clk 0:04:57]} Bb5 {[%clk
0:28:27]} 22. Qd4 {[%clk 0:03:54]} Rxe2 {[%clk 0:28:03]} 23. Qxb6 {[%clk
0:04:13]} axb6 {[%clk 0:28:25]} 24. Rxe2 {[%clk 0:04:28]} Bxe2 {[%clk 0:28:48]}
25. Bd2 {[%clk 0:03:45]} Ng7 {[%clk 0:26:36]} 26. Bxb4 {[%clk 0:03:53]} Ngf5
{[%clk 0:26:48]} 27. b3 {[%clk 0:03:39]} b5 {[%clk 0:24:54]} 28. Kf2 {[%clk
0:02:51]} Bh5 {[%clk 0:25:23]} 29. a4 {[%clk 0:02:24]} bxa4 {[%clk 0:25:23]} 30.
bxa4 {[%clk 0:01:52]} Ra6 {[%clk 0:18:58]} 31. a5 {[%clk 0:01:23]} Nc8 {[%clk
0:08:16]} 32. Re1 {[%clk 0:01:49]} Kg7 {[%clk 0:08:19]} 33. Bf1 {[%clk 0:02:02]}
Ra7 {[%clk 0:08:00]} 34. a6 {[%clk 0:01:35]} Nfd6 {[%clk 0:07:26]} 35. Ra1 {[%clk
0:01:23]} f5 {[%clk 0:04:52]} 36. c4 {[%clk 0:01:13]} Kf6 {[%clk 0:04:32]} 37.
Ke3 {[%clk 0:01:15]} Ne4 {[%clk 0:02:30]} 38. Kd4 {[%clk 0:00:48]} Ng3 {[%clk
0:01:45]} 39. Bd3 {[%clk 0:00:44]} Be2 {[%clk 0:02:14]} 40. Bc5 {[%clk 0:00:34]}
Rd7 {[%clk 0:02:32]} 41. a7 {[%clk 0:00:47]} Nxa7 {[%clk 0:02:59]} 42. Ra6+
{[%clk 0:00:37]} Kf7 {[%clk 0:03:19]} 43. Bxa7 {[%clk 0:00:47]} Bxd3 {[%clk
0:03:32]} 44. Kxd3 {[%clk 0:01:16]} f4 {[%clk 0:03:37]} 45. Bb8 {[%clk 0:01:10]}
Nh5 {[%clk 0:03:27]} 46. Ra7 {[%clk 0:00:49]} Ke8 {[%clk 0:03:02]} 47. Rxd7
{[%clk 0:01:03]} Kxd7 {[%clk 0:03:31]} 48. Ke4 {[%clk 0:01:08]} Ng3+ {[%clk
0:03:07]} 49. Kxf4 {[%clk 0:01:27]} Nf5 {[%clk 0:02:00]} 50. h5 {[%clk 0:01:34]}
Ne7 {[%clk 0:02:16]} 51. hxg6 {[%clk 0:01:43]} Nxg6+ {[%clk 0:02:27]} 52. Kg5
{[%clk 0:02:00]} Nh8 {[%clk 0:02:32]} 53. Kf6 {[%clk 0:02:03]} Ng6 {[%clk
0:02:58]} 54. Bg3 {[%clk 0:01:54]} Ne7 {[%clk 0:03:19]} 55. Bf4 {[%clk 0:01:52]}
Ng6 {[%clk 0:03:18]} 56. Bg5 {[%clk 0:02:05]} Ne7 {[%clk 0:03:42]} 57. h4 {[%clk
0:02:03]} h5 {[%clk 0:03:44]} 58. Be3 {[%clk 0:02:00]} Nc8 {[%clk 0:03:26]} 59.
Bc5 {[%clk 0:02:25]} 1-0

[Event "CECLUB Segunda División"]
[Site "Linares"]
[Date "2017.08.12"]
[Round "7"]
[White "Gutierrez Olivares, Daniel"]
[Black "Vassallo Barroche, Mauricio"]
[Result "1-0"]
[Board "4"]
[WhiteTitle "FM"]
[WhiteElo "2349"]
[WhiteCountry "ESP"]
[WhiteFideId "2264005"]
[WhiteEloChange "11"]
[BlackTitle "IM"]
[BlackElo "2369"]
[BlackCountry "ESP"]
[BlackFideId "101648"]
[BlackEloChange "-11"]

1. e4 {[%clk 1:30:56]} g6 {[%clk 1:26:54]} 2. d4 {[%clk 1:30:28]} Bg7 {[%clk
1:27:19]} 3. Nc3 {[%clk 1:30:34]} a6 {[%clk 1:24:02]} 4. h4 {[%clk 1:29:28]} h5
{[%clk 1:21:37]} 5. Be3 {[%clk 1:23:26]} d6 {[%clk 1:20:16]} 6. f4 {[%clk
1:15:09]} Nf6 {[%clk 1:14:11]} 7. Nh3 {[%clk 1:06:51]} d5 {[%clk 1:07:43]} 8. e5
{[%clk 0:57:34]} Ng4 {[%clk 1:07:20]} 9. Bg1 {[%clk 0:57:44]} Bf5 {[%clk
1:05:16]} 10. Qd2 {[%clk 0:53:15]} e6 {[%clk 1:01:37]} 11. Nf2 {[%clk 0:52:57]}
Nc6 {[%clk 1:00:45]} 12. Ncd1 {[%clk 0:51:38]} Ne7 {[%clk 0:55:23]} 13. Be2
{[%clk 0:48:52]} Nxf2 {[%clk 0:48:35]} 14. Nxf2 {[%clk 0:45:11]} Qd7 {[%clk
0:48:47]} 15. O-O-O {[%clk 0:43:24]} Qa4 {[%clk 0:45:56]} 16. Kb1 {[%clk
0:42:22]} Nc6 {[%clk 0:43:35]} 17. Nd3 {[%clk 0:31:57]} Bf8 {[%clk 0:41:03]} 18.
c3 {[%clk 0:26:41]} Na5 {[%clk 0:34:59]} 19. b3 {[%clk 0:25:56]} Qd7 {[%clk
0:31:11]} 20. Ka1 {[%clk 0:25:58]} b6 {[%clk 0:31:29]} 21. Be3 {[%clk 0:25:58]}
Be7 {[%clk 0:30:27]} 22. Rc1 {[%clk 0:24:28]} Kf8 {[%clk 0:26:10]} 23. c4 {[%clk
0:20:39]} Kg7 {[%clk 0:18:20]} 24. c5 {[%clk 0:19:35]} Nc6 {[%clk 0:16:55]} 25.
Rc3 {[%clk 0:16:59]} a5 {[%clk 0:15:25]} 26. Nb2 {[%clk 0:14:52]} bxc5 {[%clk
0:14:34]} 27. Bb5 {[%clk 0:14:45]} Rhb8 {[%clk 0:13:47]} 28. Ba4 {[%clk 0:14:33]}
Ra6 {[%clk 0:12:20]} 29. Nd3 {[%clk 0:13:09]} c4 {[%clk 0:08:23]} 30. bxc4 {[%clk
0:12:20]} dxc4 {[%clk 0:07:14]} 31. Rxc4 {[%clk 0:11:55]} Qd5 {[%clk 0:07:37]}
32. Rhc1 {[%clk 0:11:54]} Nb4 {[%clk 0:07:50]} 33. Nc5 {[%clk 0:11:22]} Ra7
{[%clk 0:06:49]} 34. Bb3 {[%clk 0:11:09]} Qd8 {[%clk 0:06:31]} 35. d5 {[%clk
0:10:22]} exd5 {[%clk 0:05:45]} 36. R4c3 {[%clk 0:09:18]} Raa8 {[%clk 0:05:32]}
37. Bd4 {[%clk 0:09:33]} Kg8 {[%clk 0:05:42]} 38. e6 {[%clk 0:03:30]} fxe6 {[%clk
0:06:01]} 39. a3 {[%clk 0:01:00]} Na6 {[%clk 0:05:29]} 40. Nxe6 {[%clk 0:00:48]}
Bxe6 {[%clk 0:05:43]} 41. f5 {[%clk 0:01:06]} Bg5 {[%clk 0:00:42]} 42. hxg5
{[%clk 0:01:03]} Bxf5 {[%clk 0:01:11]} 43. Bf6 {[%clk 0:01:11]} 1-0

[Event "CECLUB Segunda División"]
[Site "Linares"]
[Date "2017.08.12"]
[Round "7"]
[White "Valles Moreno, Ivan"]
[Black "Tattersall Rodriguez, Lester"]
[Result "1-0"]
[Board "1"]
[WhiteTitle "IM"]
[WhiteElo "2435"]
[WhiteCountry "ESP"]
[WhiteFideId "2205688"]
[WhiteEloChange "3"]
[BlackTitle "FM"]
[BlackElo "2275"]
[BlackCountry "ESP"]
[BlackFideId "2208903"]
[BlackEloChange "-6"]

1. e4 {[%clk 1:30:48]} e6 {[%clk 1:30:38]} 2. d4 {[%clk 1:31:10]} d5 {[%clk
1:30:58]} 3. Nc3 {[%clk 1:31:33]} Nf6 {[%clk 1:29:02]} 4. e5 {[%clk 1:29:00]}
Nfd7 {[%clk 1:29:02]} 5. f4 {[%clk 1:29:09]} c5 {[%clk 1:29:50]} 6. Nf3 {[%clk
1:29:34]} Nc6 {[%clk 1:30:15]} 7. Be3 {[%clk 1:29:58]} Qb6 {[%clk 1:28:19]} 8.
Na4 {[%clk 1:27:01]} Qa5+ {[%clk 1:28:41]} 9. c3 {[%clk 1:27:24]} c4 {[%clk
1:28:42]} 10. b4 {[%clk 1:26:23]} Qc7 {[%clk 1:29:05]} 11. g3 {[%clk 1:25:08]} b5
{[%clk 1:22:40]} 12. Nb2 {[%clk 1:16:44]} a5 {[%clk 1:22:00]} 13. a3 {[%clk
1:13:20]} Nb6 {[%clk 0:55:06]} 14. Bg2 {[%clk 1:06:39]} Be7 {[%clk 0:53:27]} 15.
O-O {[%clk 1:06:12]} Bd7 {[%clk 0:52:12]} 16. Rc1 {[%clk 0:51:56]} axb4 {[%clk
0:49:11]} 17. axb4 {[%clk 0:52:21]} Ra3 {[%clk 0:49:19]} 18. Qe1 {[%clk 0:50:34]}
O-O {[%clk 0:47:06]} 19. Nd1 {[%clk 0:48:42]} Rfa8 {[%clk 0:45:53]} 20. Bd2
{[%clk 0:48:57]} Ra1 {[%clk 0:45:43]} 21. Ne3 {[%clk 0:49:18]} Rxc1 {[%clk
0:45:17]} 22. Qxc1 {[%clk 0:49:35]} Ra2 {[%clk 0:43:39]} 23. g4 {[%clk 0:44:43]}
Qa7 {[%clk 0:38:39]} 24. f5 {[%clk 0:43:26]} Qa3 {[%clk 0:36:17]} 25. Qe1 {[%clk
0:43:50]} Na4 {[%clk 0:25:57]} 26. f6 {[%clk 0:30:06]} gxf6 {[%clk 0:21:57]} 27.
exf6 {[%clk 0:28:31]} Bxf6 {[%clk 0:17:15]} 28. g5 {[%clk 0:25:46]} Bg7 {[%clk
0:13:21]} 29. Ng4 {[%clk 0:26:11]} Rxd2 {[%clk 0:09:35]} 30. Qxd2 {[%clk
0:22:41]} Qxc3 {[%clk 0:09:34]} 31. Qf4 {[%clk 0:22:46]} Qxb4 {[%clk 0:02:38]}
32. Nh6+ {[%clk 0:21:27]} Bxh6 {[%clk 0:01:34]} 33. gxh6 {[%clk 0:21:51]} Qf8
{[%clk 0:00:59]} 34. Qg5+ {[%clk 0:22:10]} Kh8 {[%clk 0:01:26]} 35. Qf6+ {[%clk
0:22:26]} Kg8 {[%clk 0:01:55]} 36. Ng5 {[%clk 0:22:09]} Ne7 {[%clk 0:01:10]} 37.
Qxf7+ {[%clk 0:21:29]} Qxf7 {[%clk 0:01:36]} 38. Rxf7 {[%clk 0:21:53]} Nf5 {[%clk
0:00:33]} 39. Rxd7 {[%clk 0:21:44]} Nxh6 {[%clk 0:01:01]} 40. Nxe6 {[%clk
0:21:28]} Nc3 {[%clk 0:00:51]} 41. Bxd5 {[%clk 0:20:12]} Nxd5 {[%clk 0:00:46]}
42. Rxd5 {[%clk 0:20:36]} b4 {[%clk 0:01:06]} 43. Nc5 {[%clk 0:20:31]} Kf7 {[%clk
0:01:05]} 44. Rd7+ {[%clk 0:20:47]} Kg6 {[%clk 0:01:23]} 45. Rb7 {[%clk 0:21:10]}
b3 {[%clk 0:01:47]} 46. Rb4 {[%clk 0:21:23]} 1-0

[Event "CECLUB Segunda División"]
[Site "Linares"]
[Date "2017.08.12"]
[Round "7"]
[White "Gaya Llodra, Juan"]
[Black "Perez Gonzalez, Jose Manuel"]
[Result "1-0"]
[Board "2"]
[WhiteElo "2211"]
[WhiteCountry "ESP"]
[WhiteFideId "2210967"]
[WhiteEloChange "13"]
[BlackTitle "FM"]
[BlackElo "2314"]
[BlackCountry "ESP"]
[BlackFideId "2229277"]
[BlackEloChange "-13"]

1. d4 {[%clk 1:26:09]} Nf6 {[%clk 1:30:52]} 2. Nf3 {[%clk 1:26:31]} g6 {[%clk
1:31:13]} 3. g3 {[%clk 1:26:54]} Bg7 {[%clk 1:31:38]} 4. Bg2 {[%clk 1:27:16]} O-O
{[%clk 1:32:04]} 5. c4 {[%clk 1:27:40]} d6 {[%clk 1:32:29]} 6. O-O {[%clk
1:28:02]} Nc6 {[%clk 1:32:40]} 7. Nc3 {[%clk 1:28:15]} a6 {[%clk 1:32:58]} 8. h3
{[%clk 1:28:07]} Bd7 {[%clk 1:32:23]} 9. e4 {[%clk 1:24:03]} e5 {[%clk 1:32:43]}
10. Bg5 {[%clk 1:12:34]} Nxd4 {[%clk 1:28:15]} 11. Nxd4 {[%clk 1:12:08]} exd4
{[%clk 1:28:41]} 12. Qxd4 {[%clk 1:10:15]} h6 {[%clk 1:27:39]} 13. Bd2 {[%clk
1:08:18]} Ng4 {[%clk 1:21:23]} 14. Qd3 {[%clk 1:07:48]} Ne5 {[%clk 1:21:46]} 15.
Qe2 {[%clk 1:07:50]} Qc8 {[%clk 1:21:53]} 16. f4 {[%clk 1:04:52]} Nc6 {[%clk
1:22:10]} 17. f5 {[%clk 0:55:28]} gxf5 {[%clk 1:21:22]} 18. Qh5 {[%clk 0:49:46]}
fxe4 {[%clk 1:17:45]} 19. Bxh6 {[%clk 0:41:48]} Bxh6 {[%clk 1:10:40]} 20. Qxh6
{[%clk 0:41:32]} f5 {[%clk 1:10:41]} 21. Qg6+ {[%clk 0:40:39]} Kh8 {[%clk
1:10:07]} 22. Rf4 {[%clk 0:40:14]} Qd8 {[%clk 1:07:34]} 23. Nxe4 {[%clk 0:27:29]}
Ne5 {[%clk 1:06:45]} 24. Qh6+ {[%clk 0:27:06]} Kg8 {[%clk 1:07:09]} 25. Ng5
{[%clk 0:27:05]} Rf6 {[%clk 1:05:56]} 26. Bd5+ {[%clk 0:25:11]} Nf7 {[%clk
1:06:11]} 27. Qh7+ {[%clk 0:25:06]} Kf8 {[%clk 1:06:32]} 28. Bxf7 {[%clk
0:19:36]} 1-0

[Event "CECLUB Segunda División"]
[Site "Linares"]
[Date "2017.08.12"]
[Round "7"]
[White "Martin Rueda, Daniel"]
[Black "Castell Cantero, Salvador"]
[Result "1-0"]
[Board "3"]
[WhiteTitle "FM"]
[WhiteElo "2310"]
[WhiteCountry "ESP"]
[WhiteFideId "2226847"]
[WhiteEloChange "6"]
[BlackElo "2149"]
[BlackCountry "ESP"]
[BlackFideId "22200754"]
[BlackEloChange "-6"]

1. Nf3 {[%clk 1:30:32]} Nf6 {[%clk 1:30:52]} 2. c4 {[%clk 1:30:28]} e6 {[%clk
1:31:05]} 3. Nc3 {[%clk 1:30:25]} d5 {[%clk 1:31:04]} 4. d4 {[%clk 1:29:25]} c6
{[%clk 1:28:14]} 5. e3 {[%clk 1:28:02]} Nbd7 {[%clk 1:28:19]} 6. Qc2 {[%clk
1:27:54]} Bd6 {[%clk 1:27:59]} 7. g4 {[%clk 1:27:48]} h6 {[%clk 1:18:16]} 8. Bd2
{[%clk 1:27:51]} dxc4 {[%clk 1:12:29]} 9. Bxc4 {[%clk 1:28:04]} b5 {[%clk
1:12:57]} 10. Be2 {[%clk 1:19:58]} Bb7 {[%clk 1:11:19]} 11. Rg1 {[%clk 1:19:43]}
Qe7 {[%clk 1:07:08]} 12. h4 {[%clk 0:56:29]} a6 {[%clk 1:06:31]} 13. e4 {[%clk
0:44:53]} e5 {[%clk 1:01:32]} 14. g5 {[%clk 0:45:14]} hxg5 {[%clk 1:01:32]} 15.
hxg5 {[%clk 0:45:37]} Nh5 {[%clk 1:00:57]} 16. g6 {[%clk 0:43:55]} O-O-O {[%clk
0:53:11]} 17. Nd5 {[%clk 0:26:11]} Qe6 {[%clk 0:43:13]} 18. dxe5 {[%clk 0:24:17]}
Bxe5 {[%clk 0:31:45]} 19. Ng5 {[%clk 0:24:23]} Qe8 {[%clk 0:28:28]} 20. Nxf7
{[%clk 0:15:15]} Kb8 {[%clk 0:20:28]} 21. Nxh8 {[%clk 0:07:36]} cxd5 {[%clk
0:20:07]} 22. Nf7 {[%clk 0:07:08]} Nhf6 {[%clk 0:18:40]} 23. Nxd8 {[%clk
0:06:41]} Qxd8 {[%clk 0:17:34]} 24. exd5 {[%clk 0:06:43]} Nxd5 {[%clk 0:15:44]}
25. Rd1 {[%clk 0:04:45]} N7f6 {[%clk 0:12:00]} 26. Qf5 {[%clk 0:03:02]} Qe7
{[%clk 0:10:22]} 27. Kf1 {[%clk 0:02:24]} Bc8 {[%clk 0:08:44]} 28. Qf3 {[%clk
0:02:34]} Bb7 {[%clk 0:09:12]} 29. Qf5 {[%clk 0:02:19]} Bxb2 {[%clk 0:06:35]} 30.
Rh1 {[%clk 0:02:02]} Ne3+ {[%clk 0:05:49]} 31. Bxe3 {[%clk 0:02:29]} Bxh1 {[%clk
0:06:14]} 32. Bc5 {[%clk 0:02:03]} Be4 {[%clk 0:03:14]} 33. Qf4+ {[%clk 0:01:44]}
Be5 {[%clk 0:03:43]} 34. Bxe7 {[%clk 0:02:01]} Bxf4 {[%clk 0:03:57]} 35. Bxf6
{[%clk 0:02:28]} 1-0

[Event "CECLUB Segunda División"]
[Site "Linares"]
[Date "2017.08.12"]
[Round "7"]
[White "Suarez Garcia, Carlos"]
[Black "Suarez Gomez, Julio"]
[Result "1/2-1/2"]
[Board "1"]
[WhiteTitle "IM"]
[WhiteElo "2462"]
[WhiteCountry "ESP"]
[WhiteFideId "22230858"]
[BlackTitle "FM"]
[BlackElo "2474"]
[BlackCountry "ESP"]
[BlackFideId "22275991"]

1. c4 {[%clk 1:30:55]} e6 {[%clk 1:30:02]} 2. g3 {[%clk 1:31:20]} d5 {[%clk
1:30:20]} 3. Bg2 {[%clk 1:31:45]} c6 {[%clk 1:30:23]} 4. d4 {[%clk 1:28:26]} Nf6
{[%clk 1:28:31]} 5. Nd2 {[%clk 1:26:13]} Be7 {[%clk 1:28:53]} 6. Ngf3 {[%clk
1:26:22]} O-O {[%clk 1:28:45]} 7. Qc2 {[%clk 1:26:26]} b6 {[%clk 1:28:06]} 8. O-O
{[%clk 1:26:43]} Bb7 {[%clk 1:28:05]} 9. e4 {[%clk 1:27:02]} Na6 {[%clk 1:28:29]}
10. a3 {[%clk 1:27:27]} c5 {[%clk 1:28:50]} 11. e5 {[%clk 1:27:41]} Nd7 {[%clk
1:29:12]} 12. dxc5 {[%clk 1:28:05]} bxc5 {[%clk 1:29:37]} 13. Re1 {[%clk
1:28:26]} Nc7 {[%clk 1:30:03]} 14. h4 {[%clk 1:28:31]} Re8 {[%clk 1:30:21]} 15.
Nf1 {[%clk 1:27:02]} h6 {[%clk 1:29:39]} 16. Bf4 {[%clk 1:24:36]} Bf8 {[%clk
1:29:07]} 17. Ne3 {[%clk 1:22:01]} a5 {[%clk 1:25:15]} 18. Rad1 {[%clk 1:18:14]}
a4 {[%clk 1:20:49]} 19. Ng4 {[%clk 1:17:49]} Ra6 {[%clk 1:14:15]} 20. Qc1 {[%clk
1:12:43]} Rb6 {[%clk 1:06:49]} 21. Bxh6 {[%clk 1:05:54]} gxh6 {[%clk 1:05:28]}
22. Nxh6+ {[%clk 1:05:11]} Bxh6 {[%clk 0:52:26]} 23. Qxh6 {[%clk 1:05:32]} f6
{[%clk 0:52:37]} 24. Qg6+ {[%clk 0:51:32]} Kh8 {[%clk 0:51:59]} 25. cxd5 {[%clk
0:46:32]} exd5 {[%clk 0:43:59]} 26. Qh6+ {[%clk 0:45:08]} Kg8 {[%clk 0:44:23]}
27. Qg6+ {[%clk 0:45:19]} Kh8 {[%clk 0:44:49]} 28. Qh6+ {[%clk 0:45:11]} Kg8
{[%clk 0:45:14]} 29. Qg6+ {[%clk 0:44:50]} Kh8 {[%clk 0:45:32]} 30. Qh6+ {[%clk
0:45:15]} Kg8 {[%clk 0:45:58]} 31. Qg6+ {[%clk 0:45:43]} 1/2-1/2

[Event "CECLUB Segunda División"]
[Site "Linares"]
[Date "2017.08.12"]
[Round "7"]
[White "Gonzalez Diaz, Julio"]
[Black "Aguera Naredo, Javier"]
[Result "1/2-1/2"]
[Board "2"]
[WhiteElo "2263"]
[WhiteCountry "ESP"]
[WhiteFideId "2207613"]
[WhiteEloChange "3"]
[BlackTitle "FM"]
[BlackElo "2386"]
[BlackCountry "ESP"]
[BlackFideId "2204169"]
[BlackEloChange "-3"]

1. e4 {[%clk 1:30:24]} e5 {[%clk 1:30:53]} 2. Nf3 {[%clk 1:30:16]} Nc6 {[%clk
1:31:18]} 3. d4 {[%clk 1:30:34]} exd4 {[%clk 1:31:41]} 4. Nxd4 {[%clk 1:30:56]}
Bc5 {[%clk 1:31:57]} 5. Nxc6 {[%clk 1:29:09]} bxc6 {[%clk 1:32:19]} 6. Nc3 {[%clk
1:28:34]} Qh4 {[%clk 1:28:49]} 7. Qf3 {[%clk 1:28:38]} Nf6 {[%clk 1:26:50]} 8.
Be2 {[%clk 1:22:13]} O-O {[%clk 1:24:17]} 9. h3 {[%clk 1:15:11]} Bd4 {[%clk
1:22:55]} 10. Bf4 {[%clk 1:04:52]} Ne8 {[%clk 1:22:41]} 11. O-O {[%clk 0:55:56]}
d6 {[%clk 1:17:26]} 12. Rad1 {[%clk 0:47:53]} Be5 {[%clk 1:16:52]} 13. Bxe5
{[%clk 0:45:37]} dxe5 {[%clk 1:17:16]} 14. Qe3 {[%clk 0:44:30]} Qe7 {[%clk
1:10:21]} 15. a3 {[%clk 0:37:03]} g6 {[%clk 1:03:19]} 16. Na4 {[%clk 0:34:26]}
Ng7 {[%clk 1:00:31]} 17. Qc5 {[%clk 0:21:13]} Qxc5 {[%clk 1:00:23]} 18. Nxc5
{[%clk 0:21:40]} Ne6 {[%clk 1:00:36]} 19. Nxe6 {[%clk 0:14:29]} Bxe6 {[%clk
1:00:58]} 20. Rd3 {[%clk 0:12:24]} Bc4 {[%clk 0:57:13]} 21. Re3 {[%clk 0:12:45]}
Bxe2 {[%clk 0:57:38]} 22. Rxe2 {[%clk 0:13:13]} Rfd8 {[%clk 0:57:20]} 23. f3
{[%clk 0:12:23]} Rd4 {[%clk 0:55:25]} 24. Re3 {[%clk 0:11:31]} Rc4 {[%clk
0:52:18]} 25. Rf2 {[%clk 0:08:51]} Rd8 {[%clk 0:51:57]} 26. Rd3 {[%clk 0:03:10]}
Rxd3 {[%clk 0:44:36]} 27. cxd3 {[%clk 0:03:38]} Rc1+ {[%clk 0:43:22]} 28. Rf1
{[%clk 0:03:54]} Rc5 {[%clk 0:43:39]} 29. Rf2 {[%clk 0:04:06]} Kf8 {[%clk
0:39:59]} 30. Rd2 {[%clk 0:04:05]} Rc1+ {[%clk 0:36:29]} 31. Kf2 {[%clk 0:04:14]}
Ke7 {[%clk 0:33:26]} 32. Ke3 {[%clk 0:03:11]} c5 {[%clk 0:31:01]} 33. Ke2 {[%clk
0:01:36]} Rb1 {[%clk 0:21:55]} 34. Rc2 {[%clk 0:01:23]} Kd6 {[%clk 0:22:12]} 35.
Kd2 {[%clk 0:01:20]} a5 {[%clk 0:20:29]} 36. Kc3 {[%clk 0:00:42]} a4 {[%clk
0:19:12]} 37. Kd2 {[%clk 0:00:38]} Kc6 {[%clk 0:18:42]} 38. Kc3 {[%clk 0:00:58]}
Kb5 {[%clk 0:18:46]} 39. Kd2 {[%clk 0:01:14]} f6 {[%clk 0:18:09]} 40. Ke3 {[%clk
0:01:07]} Re1+ {[%clk 0:16:22]} 41. Kd2 {[%clk 0:01:24]} Rg1 {[%clk 0:15:04]} 42.
Kc3 {[%clk 0:01:06]} Rd1 {[%clk 0:14:45]} 43. Rf2 {[%clk 0:00:40]} Rc1+ {[%clk
0:12:25]} 44. Kd2 {[%clk 0:01:00]} Rg1 {[%clk 0:12:28]} 45. Kc3 {[%clk 0:01:24]}
g5 {[%clk 0:11:02]} 46. Re2 {[%clk 0:01:31]} h5 {[%clk 0:09:47]} 47. Rc2 {[%clk
0:01:32]} Rd1 {[%clk 0:09:22]} 48. Re2 {[%clk 0:01:52]} Rc1+ {[%clk 0:07:37]} 49.
Kd2 {[%clk 0:02:15]} Rf1 {[%clk 0:07:19]} 50. Kc3 {[%clk 0:02:22]} Rg1 {[%clk
0:07:30]} 51. Rf2 {[%clk 0:01:44]} Rc1+ {[%clk 0:07:23]} 52. Kd2 {[%clk 0:01:21]}
Ra1 {[%clk 0:07:39]} 53. Kc3 {[%clk 0:01:27]} h4 {[%clk 0:07:24]} 54. Re2 {[%clk
0:01:20]} Rd1 {[%clk 0:08:00]} 55. Kc2 {[%clk 0:01:32]} Ra1 {[%clk 0:08:01]} 56.
Kc3 {[%clk 0:01:41]} Rc1+ {[%clk 0:07:13]} 57. Kd2 {[%clk 0:02:09]} Rg1 {[%clk
0:07:33]} 58. Kc3 {[%clk 0:02:14]} Ra1 {[%clk 0:06:29]} 59. Rf2 {[%clk 0:02:21]}
Rb1 {[%clk 0:06:35]} 60. Kc2 {[%clk 0:02:22]} Ra1 {[%clk 0:06:37]} 61. Kc3 {[%clk
0:02:29]} Rc1+ {[%clk 0:04:27]} 62. Kd2 {[%clk 0:02:50]} Rh1 {[%clk 0:04:44]} 63.
Kc3 {[%clk 0:03:13]} Rb1 {[%clk 0:05:03]} 64. Kc2 {[%clk 0:03:36]} Ra1 {[%clk
0:02:28]} 65. Kc3 {[%clk 0:03:32]} c6 {[%clk 0:02:26]} 66. Re2 {[%clk 0:03:43]}
Rb1 {[%clk 0:01:50]} 67. Kc2 {[%clk 0:04:47]} Ra1 {[%clk 0:03:36]} 68. Kc3 {[%clk
0:05:07]} Rc1+ {[%clk 0:01:45]} 1/2-1/2